Looking ahead to 2006 (Record no. 74126)
[ view plain ]
| 000 -LEADER | |
|---|---|
| fixed length control field | 01079cab a2200205 4500 |
| 001 - CONTROL NUMBER | |
| control field | ABS67398 |
| 008 - FIXED-LENGTH DATA ELEMENTS--GENERAL INFORMATION | |
| fixed length control field | 040205n2004 000 0 eng u |
| 035 ## - SYSTEM CONTROL NUMBER | |
| System control number | (Sirsi) u125054 |
| 245 ## - TITLE STATEMENT | |
| Title | Looking ahead to 2006 |
| 260 ## - PUBLICATION, DISTRIBUTION, ETC. | |
| Date of publication, distribution, etc. | 2004 |
| 490 ## - SERIES STATEMENT | |
| Series statement | Building |
| Volume/sequential designation | 268(8314) 9 January 2004, 53-61(9) |
| 520 ## - SUMMARY, ETC. | |
| Summary, etc. | Experian Business Strategies report that there was 4% real term growth in the construction industry compared with an increase of 2% of GDP. Future growth is thought to be more modest with 3% predicted for 2004 and falling to 2% in 2005. Public non-residential construction is booming but this will decrease towards the end of the forecast period 2003-06, while commercial construction has moved sharply into recession and activity is expected to decline until 2006. Includes tables and information on construction output, regional output and orders. |
| 590 ## - LOCAL NOTE (RLIN) | |
| Local note | ABS |
| 650 ## - SUBJECT ADDED ENTRY--TOPICAL TERM | |
| Topical term or geographic name entry element | CONSTRUCTION INDUSTRY |
| 650 ## - SUBJECT ADDED ENTRY--TOPICAL TERM | |
| Topical term or geographic name entry element | CONSTRUCTION OUTPUT |
| 650 ## - SUBJECT ADDED ENTRY--TOPICAL TERM | |
| Topical term or geographic name entry element | CONSTRUCTION ORDERS |
| 650 ## - SUBJECT ADDED ENTRY--TOPICAL TERM | |
| Topical term or geographic name entry element | REGIONAL ORDERS |
| 690 ## - LOCAL SUBJECT ADDED ENTRY--TOPICAL TERM (OCLC, RLIN) | |
| Topical term or geographic name as entry element | BUILDING AND CONSTRUCTION-ECONOMICS |
| 942 ## - ADDED ENTRY ELEMENTS (KOHA) | |
| Suppress in OPAC | 0 |
| Withdrawn status | Lost status | Source of classification or shelving scheme | Damaged status | Not for loan | Home library | Current library | Shelving location | Date acquired | Total Checkouts | Full call number | Barcode | Date last seen | Copy number | Price effective from | Koha item type |
|---|---|---|---|---|---|---|---|---|---|---|---|---|---|---|---|
| Dewey Decimal Classification | London | London | RICS Boxes | 05/02/2004 | ABS67398 | 125054-1001 | 06/08/2019 | 1 | 06/08/2019 | Book |